000 00554nam a2200169 4500
001 136261
003 ES-MaACL
005 20230906195055.0
007 t|
008 070214s1935 fr r ||||1| fre d
245 0 3 _aLe sabbat
_b: textes de la mishnah relatifs au repos du sabbat /
_cavec commentaires de W. O. E. Oesterley ; préface et traduction de S. Jankeleviteh.
260 _aParis :
_bMayenne,
_c1935.
300 _a219 p. ;
_c23 cm.
700 1 _aOesterley, W. O. E.
_986553
700 1 _aJankeleviteh, S.
_966034
852 _aES-MaACL
_jA-3678
999 _c136261
_d136261